Sports Quiz

Random Sports or Olympics Quiz

Olympic Cities Minefield Quiz Stats

 Plays Quiz Updated Feb 25, 2018

Score 0/42 Timer 04:00
13 Plays Today
% Correct
???
83.2%
???
83%
???
80.6%
???
78.1%
???
65.1%
???
56.7%
???
52.7%
???
51.8%
???
49.1%
???
47.2%
???
47.1%
???
46.8%
???
45.7%
???
45.1%
???
44.9%
???
42.1%
???
41.6%
???
41.5%
???
40.3%
???
40.2%
???
40.2%
% Correct
???
40%
???
40%
???
38.2%
???
37.9%
???
37.3%
???
35.7%
???
35.3%
???
35.1%
???
34%
???
32.5%
???
29.9%
???
28.8%
???
27.6%
???
27%
???
26.2%
???
24.7%
???
24.4%
???
23.4%
???
22.6%
???
22.3%
???
20.4%

You're not logged in!

Compare scores with friends on all Sporcle quizzes.
OR
Log In

Show Comments

Extras

Top Quizzes Today


Score Distribution

Your Account Isn't Verified!

In order to create a playlist on Sporcle, you need to verify the email address you used during registration. Go to your Sporcle Settings to finish the process.

Report this User

Report this user for behavior that violates our Community Guidelines.

Details: